| 000 | 00606nam a2200217 a 4500 | ||
|---|---|---|---|
| 005 | 20210219153455.0 | ||
| 008 | 991125n 000 0 u | ||
| 035 | _aUPN01000101806 | ||
| 100 | _aZahorik, John A | ||
| 222 | 0 |
_aTEACHING AND TEACHER EDUCATION : _bAN INTERNATIONAL JOURNAL OF RESEARCH AND STUDIES |
|
| 245 | 0 | _aTeaching style and textbooks | |
| 300 | _a185-196 | ||
| 362 | _a7, No. 2, 1991 | ||
| 505 | _aEnero 1992 | ||
| 653 | 0 | _aACTITUD DOCENTE | |
| 653 | 0 | _aESTILOS DE ENSEĆANZA | |
| 653 | 0 | _aIDEOLOGIA | |
| 653 | 0 | _aLIBROS DE TEXTO | |
| 904 |
_aAC _b039617 |
||
| 905 | _aArticulo | ||
| 999 |
_c77818 _d77818 |
||